[Event "Canada vs. Peru"]
[Site "CCCA"]
[Date "2016.12.19"]
[Round "1"]
[White "Fortin, Michel"]
[Black "Caballón Castellares, Emiliano"]
[Result "1-0"]
[WhiteElo "1649"]
[BlackElo "1664"]
[EventDate "2016.12.19"]
[Board "15"]
[WhiteTeam "Canada"]
[BlackTeam "Peru"]
[Termination "time forfeit"]

1.Nf3 Nf6 2.c4 c5 3.g3 Nc6 4.Bg2 e5 5.Nc3 Be7 6.O-O O-O 7.Ne1 d6 8.Nc2 Be6
9.Ne3 Qd7 10.Re1 Bh3 11.Bh1 h6 12.Qa4 a6 13.Ncd5 Nxd5 14.Nxd5 Bd8 15.b3 
Be6 16.Bb2 Rb8 17.Bc3 Qc8 18.Qa3 1-0

[Event "Canada vs. Peru"]
[Site "CCCA"]
[Date "2016.12.19"]
[Round "2"]
[White "Velez Arana, José"]
[Black "Paul, Michael"]
[Result "0-1"]
[WhiteElo "1659"]
[BlackElo "1646"]
[EventDate "2016.12.19"]
[Board "16"]
[WhiteTeam "Peru"]
[BlackTeam "Canada"]

1.f4 e5 2.fxe5 Nc6 3.Nf3 Bc5 4.e3 a6 5.d4 Ba7 6.Be2 d5 7.c3 Nge7 8.O-O O-O
9.h3 h6 10.Bd3 Kh8 11.Ng5 Be6 12.Qh5 Ng8 13.Nd2 Qxg5 14.Qxg5 hxg5 15.e4 
Nxd4 16.cxd4 Bxd4+ 17.Kh1 Bxe5 18.Nf3 Bf6 19.e5 Be7 20.Nxg5 Bxg5 21.Bxg5 
f6 22.exf6 gxf6 23.Bd2 c5 24.Rf2 d4 25.b3 b5 26.Raf1 c4 27.Bg6 c3 28.Bf4 
Kg7 29.Bd3 Rfd8 30.Re1 Bf7 31.Kh2 Bg6 32.Rd1 Rac8 33.Rc2 Ne7 34.Bc1 Bxd3 
35.Rxd3 b4 36.Rf2 Rc5 37.Rdf3 Rc6 38.Bh6+ Kg6 39.Bc1 d3 40.g4 d2 0-1

[Event "Canada vs. Peru"]
[Site "CCCA"]
[Date "2016.12.19"]
[Round "1"]
[White "Paul, Michael"]
[Black "Velez Arana, José"]
[Result "1/2-1/2"]
[WhiteElo "1646"]
[BlackElo "1659"]
[EventDate "2016.12.19"]
[Board "16"]
[WhiteTeam "Canada"]
[BlackTeam "Peru"]

1.e4 e6 2.d4 d5 3.Nd2 a6 4.e5 c5 5.c3 Nc6 6.Nb3 cxd4 7.cxd4 Bb4+ 8.Bd2 
Nge7 9.Bd3 O-O 10.Ne2 Bxd2+ 11.Qxd2 g6 12.g4 f5 13.g5 b5 14.h4 Kg7 15.Nf4 
Qb6 16.Be2 b4 17.h5 a5 18.Nc5 Nxe5 19.Ncxe6+ Bxe6 20.dxe5 Rac8 21.Rd1 Rfd8
22.Qd4 Rc6 23.Qxb6 Rxb6 24.Rd4 Rc8 25.hxg6 Rc1+ 26.Bd1 hxg6 27.Rh3 Rbc6 
28.Kd2 R1c4 29.Rhd3 Rxd4 30.Rxd4 Bg8 31.Bb3 Rc5 32.e6 Nc6 33.Rxd5 Rxd5+ 
34.Bxd5 Ne7 35.Bb3 Bh7 36.Ba4 Kf8 37.Kd3 Nc8 38.b3 Ke7 39.Kd4 Kd6 40.Nd5 
Bg8 41.e7 Nxe7 42.Nxe7 Kxe7 43.Ke5 Bf7 44.f4 Bg8 45.Bc6 Bf7 46.Bd5 Be8 47.
Bc4 Bc6 1/2-1/2